Catálogo
 En Linea

La tristeza sin fin de ser poeta : (Registro nro. 46331)

Detalles MARC
000 -CABECERA
campo de control de longitud fija 02121nam a2200277 a 4500
001 - NÚMERO DE CONTROL
campo de control 000046842
003 - IDENTIFICADOR DEL NÚMERO DE CONTROL
campo de control DO-SdBNP
005 - FECHA Y HORA DE LA ÚLTIMA TRANSACCIÓN
campo de control 20260429134739.0
007 - CAMPO FIJO DE DESCRIPCIÓN FÍSICA--INFORMACIÓN GENERAL
campo de control de longitud fija ta
008 - DATOS DE LONGITUD FIJA--INFORMACIÓN GENERAL
campo de control de longitud fija 180402s2016 dr a 000 0 spa d
020 ## - NÚMERO INTERNACIONAL ESTÁNDAR DEL LIBRO
Número Internacional Estándar del Libro 9789945492705
040 ## - FUENTE DE LA CATALOGACIÓN
Centro catalogador/agencia de origen DO-SdBNP
Lengua de catalogación spa
Centro/agencia transcriptor BNPHU
Normas de descripción rda
041 ## - CÓDIGO DE LENGUA
Código de lengua del texto/banda sonora o título independiente spa
082 #4 - NÚMERO DE LA CLASIFICACIÓN DECIMAL DEWEY
Número de clasificación 0
Número de documento/Ítem 0
Número de edición 22
245 03 - MENCIÓN DE TÍTULO
Título La tristeza sin fin de ser poeta :
Resto del título Memoria del Seminario Internacional Centenario de Julia de Burgos en Santo Domingo /
Mención de responsabilidad, etc. editora, Chiqui Vicioso
260 ## - PUBLICACIÓN, DISTRIBUCIÓN, ETC.
Lugar de publicación, distribución, etc. Santo Domingo :
Nombre del editor, distribuidor, etc. Ministerio de Cultura, Editora Nacional,
Fecha de publicación, distribución, etc. 2016.
300 ## - DESCRIPCIÓN FÍSICA
Extensión 278 páginas :
Otras características físicas ilustraciones ;
Dimensiones 26 cm.
336 ## - TIPO DE CONTENIDO
Término de tipo de contenido texto
Código de tipo de contenido txt
Fuente rdacontent
337 ## - TIPO DE MEDIO
Nombre/término del tipo de medio sin mediación
Código del tipo de medio n
Fuente rdamedia
338 ## - TIPO DE SOPORTE
Nombre/término del tipo de soporte volumen\
Código del tipo de soporte nc
Fuente rdacarrier
500 ## - NOTA GENERAL
Nota general Incluye referencias bibliográficas y notas al pie de las páginas
505 0# - NOTA DE CONTENIDO CON FORMATO
Nota de contenido con formato Presentación / Chiqui Vicioso --
Título Julia de Burgos: la nuestra / Chiqui Vicioso --
-- Entrevista con el Sr. Juan Isidro Jiménes Grullón --
-- Entrevista con don Juan Bosch sobre Julia de Burgos --
-- Julia de Burgos: escritora mediática y política / Carmen Centeno Anese --
-- Los sonidos del alma y el mar de Julia de Burgos y Silvia Rexach / Alinaluz Santiago Indomable alma Juliana:
-- Evolución de un enigma fluido / José Manuel Sánchez-Darro --
-- Julia de Burgos en Cuba. Cuba en Julia de Burgos / Yolanda Ricardo --
-- Pongamos en su sitio a Julia de Burgos / Áurea María Sotomayor --
-- Julia de Burgos en Nueva York: miradas de vida / Vivian Auffant Vázquez --
-- Julia de Burgos: Ciudadana caribeña y hermana en la diáspora / Daisy Cocco de Filippis --
-- La construcción de la subjetividad en las cartas de Julia de Burgos a su hermana Consuelo / Grisselle Merced Hernández --
-- Julia de Burgos: sin puerto abierto / Ivette López Jiménez --
-- Centenario Julia de Burgos "Indomable Alma Juliana: Evolución de un enigma en el color en los versos de Julia de Burgos / José Manuel Sánchez-Darro --
-- Hermanadas sigilosas / José Manuel Sánchez-Darro.
590 ## - NOTA LOCAL (RLIN)
Nota local Inventariado, 2018 /LP
700 1# - PUNTO DE ACCESO ADICIONAL--NOMBRE DE PERSONA
Nombre de persona Vicioso, Sherezada,
Fechas asociadas al nombre 1948-
Término indicativo de función/relación editor
9 (RLIN) 19504
Código de función/relación ed.
942 ## - ELEMENTOS DE PUNTO DE ACCESO ADICIONAL (KOHA)
Fuente del sistema de clasificación o colocación Dewey Decimal Classification
Tipo de ítem Koha Libro
Existencias
Estado de retiro Estado de pérdida Fuente del sistema de clasificación o colocación Restricciones de uso No para préstamo Código de colección Localización permanente Ubicación/localización actual Ubicación en estantería Fecha de adquisición Signatura topográfica completa Código de barras Fecha visto por última vez Número de copia Precio válido a partir de Tipo de ítem Koha Fuente de adquisición Total de préstamos
    Dewey Decimal Classification Préstamo en sala   Dominicana de Servicio Biblioteca Nacional Pedro Henríquez Ureña Biblioteca Nacional Pedro Henríquez Ureña En catalogación 02.04.2018 BNPHU DS 46842-30 25.06.2020 e.3 25.06.2020 Libro    
    Dewey Decimal Classification Excluido de préstamo   Patrimonio Dominicano Biblioteca Nacional Pedro Henríquez Ureña Biblioteca Nacional Pedro Henríquez Ureña En catalogación 02.04.2018 BNPHU PD 46842-10 25.06.2020   25.06.2020 Libro    
    Dewey Decimal Classification Excluido de préstamo   Patrimonio Dominicano Biblioteca Nacional Pedro Henríquez Ureña Biblioteca Nacional Pedro Henríquez Ureña En catalogación 02.04.2018 BNPHU PD 46842-20 25.06.2020 e.2 25.06.2020 Libro    
    Dewey Decimal Classification Préstamo en sala   Dominicana de Servicio Biblioteca Nacional Pedro Henríquez Ureña Biblioteca Nacional Pedro Henríquez Ureña En catalogación 21.02.2023   2023-1030 21.02.2023 e.4 21.02.2023 Libro Donación  

Con tecnología Koha